| Tag |
First Indicator |
Second Indicator |
Subfields |
| LEADER |
00000cgm a2200000 i 4500 |
| 001 |
in00003848721 |
| 006 |
m o c |
| 007 |
cr una---unuuu |
| 007 |
vz uzazuu |
| 008 |
170424p20172016cau028 o vleng d |
| 005 |
20230309131022.2 |
| 028 |
5 |
2 |
|a 1338558
|b Kanopy
|
| 035 |
|
|
|a (OCoLC)985065654
|
| 035 |
|
|
|a (CaSfKAN)kan1338558
|
| 035 |
|
|
|a in00003848721
|
| 040 |
|
|
|a VDU
|b eng
|e rda
|c VDU
|d UtOrBLW
|
| 245 |
0 |
0 |
|a In Introduction to the Infant Microbiome and Epigenetics In Childbirth.
|
| 264 |
|
1 |
|b Alto Films,
|c 2016.
|
| 264 |
|
1 |
|a [San Francisco, California, USA] :
|b Kanopy Streaming,
|c 2017.
|
| 300 |
|
|
|a 1 online resource (streaming video file) (29 minutes):
|b digital, .flv file, sound
|
| 306 |
|
|
|a 002845
|
| 336 |
|
|
|a two-dimensional moving image
|b tdi
|2 rdacontent
|
| 337 |
|
|
|a video
|b v
|2 rdamedia
|
| 337 |
|
|
|a computer
|b c
|2 rdamedia
|
| 338 |
|
|
|a online resource
|b cr
|2 rdacarrier
|
| 500 |
|
|
|a Title from title frames.
|
| 500 |
|
|
|a In Process Record.
|
| 500 |
|
|
|a Playlist
|
| 518 |
|
|
|a Originally produced by Alto Films in 2016.
|
| 538 |
|
|
|a Mode of access: World Wide Web.
|
| 546 |
|
|
|a In English
|
| 650 |
|
0 |
|a Midwifery.
|0 http://id.loc.gov/authorities/subjects/sh96006072
|
| 655 |
|
7 |
|a Educational films.
|2 lcgft
|0 http://id.loc.gov/authorities/genreForms/gf2011026219
|
| 710 |
2 |
|
|a Kanopy (Firm)
|0 http://id.loc.gov/authorities/names/no2014091415
|
| 710 |
2 |
|
|a Alto Films (Firm),
|e distributor.
|
| 856 |
4 |
0 |
|u http://proxy.library.tamu.edu/login?url=https://texasam.kanopy.com/node/338559
|z Connect to this streaming video (Kanopy)
|t 0
|
| 999 |
f |
f |
|s 5631a01a-1385-4aa5-82ec-91ce592009f5
|i 96066e36-8b11-3562-919f-8209d45dc949
|t 0
|
| 952 |
f |
f |
|a Texas A&M University
|b College Station
|c Electronic Resources
|d Available Online
|t 0
|h No information provided
|
| 998 |
f |
f |
|t 0
|l Available Online
|